Manual de neurología infantil
Sábháilte in:
| Príomhchruthaitheoirí: | , , , , , |
|---|---|
| Formáid: | LEABHAR |
| Teanga: | Spáinnis |
| Foilsithe / Cruthaithe: |
Madrid
Médica Panamericana
2014
|
| Eagrán: | 2a. ed |
| Ábhair: | |
| Clibeanna: |
Cuir clib leis
Níl clibeanna ann, Bí ar an gcéad duine le clib a chur leis an taifead seo!
|
MARC
| LEADER | 00000cam a2200000 a 4500 | ||
|---|---|---|---|
| 001 | UCC1757 | ||
| 003 | CL-VaPUC | ||
| 008 | 171124e20140000sp |||||||||||||||||spa|d | ||
| 020 | |a 9788498357851 | ||
| 082 | 0 | 4 | |a 616.8 |b VER |2 21 |
| 100 | 0 | |a Verdú Pérez, Alfonso |e author |9 595833 | |
| 700 | 0 | |a García Pérez, Asunción |e author |9 595834 | |
| 700 | 0 | |a García Campos, Oscar |e author |9 595835 | |
| 700 | 0 | |a Arriola Pereda, Gema |e author |9 595836 | |
| 700 | 0 | |a Martínez Menéndez, Beatriz |e author |9 595837 | |
| 700 | 0 | |a Castro de Castro, Pedro de |e author |9 595838 | |
| 245 | 1 | 0 | |a Manual de neurología infantil |
| 250 | |a 2a. ed | ||
| 300 | |a 1212 p | ||
| 942 | |c BK | ||
| 945 | |d 20171124 15:27:00 |a dcastane | ||
| 260 | |a Madrid |b Médica Panamericana |c 2014 | ||
| 650 | 0 | |a Neurología |9 269802 | |
| 650 | 7 | |a SISTEMAS NERVIOSOS |2 CL-VaPUC |9 595839 | |
| 650 | 7 | |a ENFERMEDADES DEL CEREBRO |2 CL-VaPUC |9 595840 | |
| 583 | |a last modification |c 20171124 15:27:00 |k Rodrigo Vera | ||
| 999 | |c 370134 |d 370132 | ||
| 952 | |0 0 |1 0 |3 erb |4 0 |6 616_800000000000000_VER_2014 |7 0 |8 A |9 486446 |a BIBCUR |b BIBCUR |i 5438209 |o 616.8 VER 2014 |p 5438209 |r 2025-04-22 |w 2019-11-24 |y BK |z Catalogado en:20171124 |k TEM | ||
| 952 | |0 0 |1 0 |3 erb |4 0 |6 616_800000000000000_VER_2014 |7 0 |8 A |9 486447 |a BIBCUR |b BIBCUR |i 5438195 |l 1 |o 616.8 VER 2014 |p 5438195 |r 2025-04-22 |s 2022-04-29 |w 2019-11-24 |y BK |z Catalogado en:20171124 |k TEM | ||
| 952 | |0 0 |1 0 |3 erb |4 0 |6 616_800000000000000_VER_2014 |7 0 |8 A |9 486448 |a BIBCUR |b BIBCUR |i 5438187 |l 1 |o 616.8 VER 2014 |p 5438187 |r 2025-04-22 |s 2020-03-18 |w 2019-11-24 |y BK |z Catalogado en:20171124 |k TEM | ||
| 952 | |0 0 |1 0 |3 erb |4 0 |6 616_800000000000000_VER_2014 |7 0 |8 A |9 486449 |a BIBCUR |b BIBCUR |i 5447739 |l 3 |o 616.8 VER 2014 |p 5447739 |r 2025-04-22 |s 2025-03-24 |w 2019-11-24 |y BK |z Catalogado en:20180114 |k TEM | ||